| 000 | 00581nam a2200205Ia 4500 | ||
|---|---|---|---|
| 003 | GCL | ||
| 008 | 140319s9999 xx 000 0 eng d | ||
| 040 |
_aGCL / _cGCL |
||
| 082 | 0 | 4 |
_a624.2 _bR C |
| 100 | 1 | _aRAINA, V.K. | |
| 245 | 1 | 0 |
_aCONCRETE BRIDEGES: INSPECTION, REPAIR, STRENGTHENING, TESTING AND LOAD CAPACITY EVALVATION / _cRAINA, V.K. |
| 260 |
_a[S.N] : _bTATA MCGRAW - HILL PUBLISHING COMPANY LT ، _c1994 |
||
| 300 | _a493P | ||
| 650 | 0 | 4 | _aMATERIALS |
| 650 | 0 | 4 | _aالخياطة |
| 650 | 0 | 4 | _aCONCRETE |
| 650 | 0 | 4 | _aBUILDING |
| 650 | 0 | 4 | _aSIVIL |
| 942 |
_2ddc _cBK |
||
| 999 |
_c11421 _d11421 |
||